[Event "Nis GM 2019"]
[Site "Nis"]
[Date "2019.11.30"]
[Round "1.1"]
[White "Dimitrov, Radoslav"]
[Black "Ivic, Velimir"]
[Result "1/2-1/2"]
[WhiteElo "2515"]
[BlackElo "2553"]
[Annotator "TA"]
[PlyCount "98"]
[EventDate "2019.11.30"]
[EventType "tourn"]
[EventCountry "SRB"]
[SourceTitle "playchess.com"]
[Source "ChessBase"]
[SourceQuality "1"]

{[%evp 9,98,-1,-17,-7,0,-8,0,-20,18,17,12,3,11,0,19,21,22,12,23,15,20,7,17,18,44,31,47,26,32,10,8,0,0,0,-2,-6,0,-20,0,0,0,0,0,0,0,0,0,0,0,0,0,0,0,0,0,0,0,0,0,0,0,0,0,0,10,0,0,0,8,0,0,0,0,0,0,0,0,0,0,0,0,0,0,0,0,0,0,0,0,0,0]} 1. b3 e5 2. Bb2 Nc6 3. e3 Nf6 4. Bb5 e4 5. d3 (5. Bxc6 dxc6 6. f3 Bd6 7. Nc3 Qe7 8. fxe4 Nxe4 9. Nf3 Nxc3 10. Bxc3 O-O 11. O-O Bg4 12. Qe2 {0-1 (55) Karjakin,S (2753)-Vidit,S (2702) Kolkata 2018}) 5... a6 6. Bxc6 $1 {A01: Nimzowitsch-Larsen Opening} dxc6 7. Ne2 Bb4+ 8. Bc3 (8. c3 {keeps more tension.} Bd6 9. d4 O-O 10. Nd2 Re8 11. Nc4) 8... Qe7 $146 ({Predecessor:} 8... Be7 9. O-O O-O 10. dxe4 Nxe4 11. Qd4 Nxc3 12. Nbxc3 Qxd4 13. Nxd4 {½-½ (40) Horse,M (1417)-Grimm,W (1300) LSS email 2011}) 9. Bxb4 Qxb4+ 10. Qd2 Qe7 11. d4 c5 12. h3 O-O 13. c4 cxd4 14. exd4 b5 15. O-O bxc4 16. bxc4 Rb8 17. Nbc3 a5 18. Rfc1 Ba6 19. Ng3 Bxc4 {The position is equal.} 20. Nf5 Qe6 21. Qg5 {[%csl Gf5][%cal Rg5g7] [#]} g6 22. Ne3 Bd3 23. Qxa5 Qb6 24. Qxb6 cxb6 25. Ncd5 Nxd5 26. Nxd5 Kg7 27. Nb4 Rbc8 28. f3 Rfd8 29. d5 Rc5 30. Kf2 f5 31. a4 Bc4 32. fxe4 fxe4 33. Ke3 Bb3 34. Rxc5 bxc5 $11 {[%mdl 4096] Endgame KRB-KRN} 35. Ra3 {[#] Hoping for Nc6.} Bxa4 $1 36. Na2 Bc2 37. Ra7+ Kf6 38. Nc3 Rb8 39. Ra6+ Ke7 40. Ra2 Bd3 41. Nxe4 Bxe4 42. Kxe4 {KR-KR} Rb3 43. Ra7+ Kd6 44. Ra6+ Kd7 45. Kf4 Rd3 46. Ke4 Rg3 47. Ra7+ Kd6 48. Ra6+ Kd7 49. Ra7+ Kd6 {Accuracy: White = 75%, Black = 66%.} 1/2-1/2

[Event "Nis GM 2019"]
[Site "Nis"]
[Date "2019.11.30"]
[Round "1.2"]
[White "Zajic, Milan"]
[Black "Perunovic, Miodrag"]
[Result "1/2-1/2"]
[WhiteElo "2481"]
[BlackElo "2433"]
[Annotator "TA"]
[PlyCount "72"]
[EventDate "2019.11.30"]
[EventType "tourn"]
[EventCountry "SRB"]
[SourceTitle "playchess.com"]
[Source "ChessBase"]
[SourceQuality "1"]

{[%evp 35,72,47,52,0,0,0,0,0,0,0,0,0,0,0,0,0,0,0,0,0,14,0,14,22,14,22,20,0,0,0,0,0,0,0,0,0,0,0,0]} 1. e4 e6 2. d4 d5 3. Nd2 c5 4. exd5 Qxd5 5. Ngf3 cxd4 6. Bc4 Qd6 7. O-O Nf6 8. Nb3 Nc6 9. Nbxd4 Nxd4 10. Nxd4 a6 11. Re1 Qc7 12. Bb3 Bd6 13. Nf5 Bxh2+ 14. Kh1 O-O 15. Nxg7 Rd8 16. Qf3 Kxg7 17. Bh6+ Kg6 18. c3 Nh5 $1 19. Be3 {C07: French Tarrasch: 3...c5, 4 Ngf3 and 4 exd5 Qxd5} ({Better is} 19. Bc1 $1 $14 f5 20. Bxe6 (20. g3 Bxg3 21. fxg3 Qc6 $11)) 19... f5 $11 {...Nf6 is the strong threat.The position is equal.} 20. g4 (20. Rad1 Rxd1 21. Bxd1 Nf6 22. g3 Bxg3 23. Rg1 h5 24. Rxg3+ Ng4 25. Qg2 Bd7 26. Bxg4 hxg4 27. Rxg4+ fxg4 28. Qxg4+ Kf7 29. Qh5+ Kg8 30. Qg6+ Kh8 31. Qh6+ Kg8 32. Qg6+ Kh8 {½-½ (32) Kadric,D (2558)-Predojevic,B (2618) Subotica 2019}) 20... Nf6 21. gxf5+ exf5 {Threatens to win with ...b5.} 22. Qg2+ {[%mdl 64] Double Attack} Ng4 {White must now prevent ...Bd7.} 23. f3 {[%mdl 64] Pin} b5 24. Bc2 $1 {aiming for Qxg4+.} (24. fxg4 $2 Bb7 $19) 24... Kf6 25. Bd4+ {[#]} Rxd4 $1 26. cxd4 Bb7 27. Bxf5 $1 Nf2+ $146 28. Qxf2 Kxf5 29. Qg2 {Strongly threatening Qg4+.} Qg3 30. Re7 $1 {[%cal Re7b7]} Rb8 ({Don't blunder} 30... Bxf3 $2 31. Rf7+ Ke4 32. Rxf3 $18) 31. Rae1 {White wants to mate with Qc2+.} Bd5 ({Much worse is} 31... Qxg2+ 32. Kxg2 Bd6 33. Rf7+ Kg6 {[#]} 34. Rxb7 $1 $16 {[%mdl 512]}) 32. R7e5+ Kf6 33. Rxd5 {Hoping for Qe2.} Qxe1+ 34. Kxh2 {Intending Qg5+ and mate.} Qh4+ 35. Qh3 ({But not} 35. Kg1 $2 Rc8 $19) 35... Qf2+ {[%mdl 64] Double Attack} 36. Qg2 Qh4+ 1/2-1/2

[Event "Nis GM 2019"]
[Site "Nis"]
[Date "2019.11.30"]
[Round "1.3"]
[White "Miljkovic, Miroslav D"]
[Black "Svetushkin, Dmitry"]
[Result "1/2-1/2"]
[WhiteElo "2494"]
[BlackElo "2531"]
[Annotator "TA"]
[PlyCount "38"]
[EventDate "2019.11.30"]
[EventType "tourn"]
[EventCountry "SRB"]
[SourceTitle "playchess.com"]
[Source "ChessBase"]
[SourceQuality "1"]

{[%evp 9,38,29,31,3,11,16,15,16,15,-1,17,0,4,-11,16,25,30,25,35,15,30,0,0,0,48,47,60,34,48,37,35]} 1. d4 Nf6 2. c4 e6 3. Nf3 a6 4. Bg5 h6 5. Bh4 d6 $146 (5... g5 6. Bg3 Nh5 7. Be5 f6 8. Bg3 f5 9. e3 d6 10. Nc3 Bg7 11. Qc2 Nc6 12. d5 {½-½ (88) Grischuk,A (2772)-Andreikin,D (2712) Huaian 2017}) 6. Nc3 {E10: Blumenfeld Gambit} g5 7. Bg3 Nh5 8. e3 {The position is equal.} Bg7 9. Bd3 Nd7 10. Bc2 Qe7 11. Rc1 Nxg3 12. hxg3 g4 13. Nh4 h5 14. Ne2 Nb6 15. Nf4 Bd7 $1 16. Be4 Rb8 17. c5 {White is slightly better.} Nc8 18. Qb3 {[#] Hoping for c6.} c6 19. cxd6 Qxd6 {Accuracy: White = 17%, Black = 57%.} 1/2-1/2

[Event "Nis GM 2019"]
[Site "Nis"]
[Date "2019.11.30"]
[Round "1.4"]
[White "Djukic, Nikola"]
[Black "Maksimovic, Branimir"]
[Result "1-0"]
[WhiteElo "2518"]
[BlackElo "2319"]
[Annotator "TA"]
[PlyCount "79"]
[EventDate "2019.11.30"]
[EventType "tourn"]
[EventCountry "SRB"]
[SourceTitle "playchess.com"]
[Source "ChessBase"]
[SourceQuality "1"]

{[%evp 14,79,50,7,47,25,34,11,84,79,135,135,135,129,129,120,102,42,31,16,38,0,8,8,62,71,55,33,35,36,43,43,35,41,35,40,63,64,81,78,88,62,111,83,117,121,106,115,151,166,151,156,181,184,234,238,506,496,777,777,762,756,817,803,792,787,773,778]} 1. e4 e5 2. Nf3 Nc6 3. Bb5 a6 4. Ba4 Nf6 5. O-O Bc5 6. c3 b5 7. Bb3 d6 8. a4 {[#] Hoping for axb5.} Bb7 {C78: Ruy Lopez: Archangelsk and Möller Defences} 9. d3 (9. d4 Bb6 10. Bg5 h6 11. Bxf6 Qxf6 12. Bd5 O-O 13. dxe5 dxe5 14. Qe2 bxa4 15. Nbd2 Rad8 16. Nc4 {½-½ (53) Nepomniachtchi,I (2774)-Mamedyarov,S (2764) Saint Louis 2019}) 9... h6 10. Nh4 Ne7 (10... b4 $11 {keeps the balance.}) 11. Kh1 $16 g5 (11... Qd7 $142) 12. Qf3 Nfd5 $146 ({Predecessor:} 12... Ng6 13. Nf5 Nf4 14. Qd1 Bb6 15. Be3 c5 16. axb5 axb5 {1-0 (37) Dzhumaev,M (2509)-Fedorchuk,S (2592) Tarragona 2006}) 13. d4 exd4 14. exd5 gxh4 15. Nd2 (15. axb5 $16 axb5 16. Rxa8 Bxa8 17. Re1) 15... Qd7 $14 16. axb5 {Black must now prevent Qf6!} Qf5 $1 17. cxd4 Qxf3 18. Nxf3 Bb4 ({Black should play} 18... Bb6 $11) 19. bxa6 Rxa6 20. Ra4 Rxa4 21. Bxa4+ Kf8 22. Nxh4 Bxd5 23. Be3 Kg7 24. Bc2 Kf6 25. Ra1 h5 26. Kg1 Rb8 27. g3 c5 28. Bd1 Nc6 29. dxc5 ({But not} 29. Bxh5 $6 cxd4 30. Bf4 Ne5 $11) 29... Bxc5 30. Bd2 Bd4 31. Bc3 ({Of course not} 31. Bxh5 $6 Rxb2 32. Be3 Bxe3 $11) 31... Bxc3 32. bxc3 Ne5 33. Bxh5 Rb2 34. Rd1 Ke6 $2 {[#]} (34... Be6 {might work better.} 35. Rxd6 Rb5) 35. f4 $18 {White is clearly winning.} Nc4 (35... Be4 $142 36. fxe5 dxe5 37. Bg4+ f5) 36. Bg4+ Kf6 37. Rxd5 Ne3 38. Rxd6+ Ke7 39. Rd7+ Ke8 40. Bh3 {Accuracy: White = 69%, Black = 34%.} 1-0

[Event "Nis GM 2019"]
[Site "Nis"]
[Date "2019.11.30"]
[Round "1.5"]
[White "Radovanovic, Mihajlo"]
[Black "Nikolaidis, Ioannis"]
[Result "1/2-1/2"]
[WhiteElo "2474"]
[BlackElo "2531"]
[Annotator "TA"]
[PlyCount "60"]
[EventDate "2019.11.30"]
[EventType "tourn"]
[EventCountry "SRB"]
[SourceTitle "playchess.com"]
[Source "ChessBase"]
[SourceQuality "1"]

{[%evp 20,60,28,15,11,4,8,0,4,3,8,12,14,12,16,11,6,10,7,13,22,20,23,10,11,6,7,0,0,0,0,0,0,0,0,0,0,0,0,0,0,0,0]} 1. d4 d5 2. c4 e6 3. Nc3 Nf6 4. cxd5 exd5 5. Bg5 c6 6. e3 Be7 7. Bd3 Nbd7 {[%cal Bb8d7,Bd7f8,Bf8e6,Be6g7,Bg7f5][%mdl 32]} 8. Qc2 Nf8 9. Nf3 Ne6 10. Bh4 g6 11. h3 O-O {D36: Queen's Gambit Declined: Exchange Variation: Main line (5 Bg5 c6 6 Qc2)} (11... Nh5 12. Bxe7 Qxe7 13. O-O-O Bd7 14. Kb1 Nhg7 15. Ne5 f6 16. Bxg6+ hxg6 17. Nxg6 Nxd4 18. exd4 Bf5 19. Nxe7 Bxc2+ 20. Kxc2 Kxe7 {1-0 (41) Korobov,A (2680)-Ipatov,A (2613) Dubai 2014}) 12. O-O Ng7 13. Rab1 Bf5 14. b4 a6 15. a4 Bxd3 16. Qxd3 Nf5 17. Bxf6 Bxf6 18. b5 axb5 19. axb5 Ra3 $146 ({Predecessor:} 19... Nd6 20. bxc6 bxc6 {1-0 (66) Peycheva,G (2148)-Vaibhav,A (1957) Backi Petrovac 2016}) 20. bxc6 bxc6 21. Qc2 Qa8 {The position is equal.} 22. Rfc1 Nd6 23. Qd1 Rb8 24. Rxb8+ Qxb8 25. Rb1 Qa7 26. Qc1 Nc4 27. Nd2 Nxd2 28. Qxd2 Qa5 29. Rb8+ Kg7 30. Nb1 Qxd2 {Accuracy: White = 46%, Black = 89%.} 1/2-1/2

[Event "Nis GM 2019"]
[Site "Nis"]
[Date "2019.12.01"]
[Round "2.1"]
[White "Ivic, Velimir"]
[Black "Nikolaidis, Ioannis"]
[Result "1/2-1/2"]
[WhiteElo "2531"]
[BlackElo "2531"]
[Annotator "TA"]
[PlyCount "185"]
[EventDate "2019.11.30"]
[EventType "tourn"]
[EventCountry "SRB"]
[SourceTitle "playchess.com"]
[Source "ChessBase"]
[SourceQuality "1"]

{[%evp 12,185,32,23,39,27,27,38,28,22,32,31,32,43,43,23,32,21,29,22,47,31,34,35,32,35,29,7,7,3,47,50,83,81,108,107,143,74,74,74,74,74,64,17,22,31,65,70,66,65,119,118,108,32,33,34,88,24,39,37,26,31,135,0,0,0,0,0,52,37,37,37,37,37,37,37,61,37,61,0,12,0,30,0,0,0,0,0,0,0,0,0,0,0,0,0,0,0,0,0,0,0,0,20,284,284,284,0,0,0,0,0,0,0,0,0,0,0,0,0,0,0,0,0,0,0,0,0,0,0,0,0,0,0,0,0,0,0,0,0,0,0,0,0,0,0,0,0,0,0,297,0,0,0,0,0,0,0,0,0,0,0,0,0,0,0,0,0,0,0,0,0,0,0,0,0]} 1. e4 e5 2. Nf3 Nc6 3. Bb5 Nf6 4. O-O Nxe4 5. Re1 Nd6 6. Nxe5 Be7 7. Bf1 O-O {C67: Ruy Lopez: Berlin Defence: 4 0-0 Nxe4} 8. d4 Nf5 9. Nf3 d5 {White is slightly better.} 10. Nc3 Bf6 {[%cal Rf5d4]} 11. Ne2 Re8 12. c3 $1 g6 $146 ({Predecessor:} 12... Nh4 13. Nxh4 Bxh4 14. g3 Bf6 15. Nf4 Rxe1 16. Qxe1 {1-0 (72) Guseinov,G (2631)-Andreikin,D (2713) Khanty-Mansiysk 2013}) 13. Nf4 Rxe1 14. Qxe1 Ng7 15. Nd3 Bf5 16. Bf4 Ne6 17. Bg3 Be4 18. Qd1 Ne7 19. h3 Nf5 20. Bh2 b6 21. Nd2 c5 22. dxc5 $1 bxc5 23. Ne5 Ng5 24. Ng4 (24. f3 $142 $1) 24... h5 $16 25. Nxf6+ Qxf6 26. Nxe4 dxe4 27. Qd5 Rd8 $1 {[%cal Rd8d5]} 28. Qe5 Qxe5 29. Bxe5 Rd5 30. Bb8 a5 (30... Rd7 $14) 31. Bc4 $36 {[%mdl 2048] Black is under strong pressure.} Rd7 32. Re1 (32. Bf4 $1 $16 {[%cal Rf4g5]} Nh7 33. Re1) 32... e3 $14 33. Bf4 Ne4 (33... Rd2 $1 $14 34. Re2 (34. fxe3 Ne4 $11) 34... Rd1+ 35. Kh2 exf2 36. Rxf2 Ne6) 34. Bxe3 (34. f3 $16 Ned6 35. Be2) 34... Nxe3 $11 35. Rxe3 $16 {[%mdl 4096] Endgame KRB-KRN} Rd1+ 36. Kh2 Nxf2 {[#]} (36... Nd2 $1 $14 37. Ba6 Rb1) 37. Bxf7+ (37. Kg3 $1 $16 {[%cal Rg3f2]} Nh1+ 38. Kf3) 37... Kxf7 $14 {KRN-KR} 38. Rf3+ {[%mdl 64] Double Attack} Ke6 39. Rxf2 $11 {KR-KR} Rd3 (39... a4 $11) 40. Re2+ Kf5 41. Re7 Rd2 42. Rc7 Rxb2 43. Rxc5+ Kf6 $1 44. a4 Rb3 45. Kg3 {With the idea Kh4.} Ra3 46. Rc4 g5 47. Kf3 Ke5 48. Rc5+ {[%mdl 64] Double Attack} Kf6 49. Rxa5 Rxc3+ 50. Kf2 Ra3 51. Kg1 h4 52. Kh2 Ra1 53. Ra7 Kg6 54. a5 Kh6 55. a6 Kg6 56. Ra8 Ra2 57. a7 {aiming for Rg8+.} Kg7 $2 {[%mdl 8192]} (57... Kh7 $1 $11 {and Black stays safe.} 58. Kg1 Kg7) 58. Kg1 $18 g4 {[#]} 59. hxg4 $2 (59. Kf1 $1 $18) 59... Kh7 $11 60. Kf1 Kg7 61. Ke1 Kh7 62. Kd1 Ra6 63. Ke2 Ra5 64. Ke3 Ra4 65. Kd3 Kg7 66. Kc3 Ra1 67. Kd4 Ra2 68. Ke5 {And now Kf5 would win.} Ra1 69. Kf4 Ra5 $1 70. g5 {Hoping for Kg4.} Ra4+ 71. Kf5 Ra2 $1 72. Kf4 {Threatens to win with Kg4.} Kh7 73. Kf3 Kg7 74. Ke3 {Black must now prevent Kf4.} Kh7 75. Kd3 Kg7 76. Kc3 Ra6 77. Kd2 Ra5 78. Ke2 Ra6 79. Kf2 {Strongly threatening Ke3.} Ra1 80. Kf3 Ra4 $2 {[%mdl 8192]} (80... Ra2 $1 $11 81. Kg4 Rxg2+ 82. Kxh4 Rh2+ 83. Kg4 Ra2) 81. Rb8 $2 (81. Ke3 $18) 81... Rxa7 {The position is equal.} 82. Kg4 Rc7 83. Kxh4 Rc1 84. Kg4 Rd1 85. Rb7+ Kg6 86. Rb6+ Kg7 87. g6 Rd5 88. Kf4 Ra5 89. g4 Ra4+ 90. Kg5 {Rb7+ is the strong threat.} Ra5+ 91. Kh4 Rc5 92. g5 Rc3 93. Kg4 {Accuracy: White = 58%, Black = 71%.} 1/2-1/2

[Event "Nis GM 2019"]
[Site "Nis"]
[Date "2019.12.01"]
[Round "2.2"]
[White "Perunovic, Miodrag"]
[Black "Miljkovic, Miroslav D"]
[Result "1/2-1/2"]
[WhiteElo "2433"]
[BlackElo "2496"]
[Annotator "TA"]
[PlyCount "70"]
[EventDate "2019.11.30"]
[EventType "tourn"]
[EventCountry "SRB"]
[SourceTitle "playchess.com"]
[Source "ChessBase"]
[SourceQuality "1"]

{[%evp 13,70,8,11,18,23,16,14,5,10,0,3,1,4,4,4,6,10,10,12,13,12,7,12,11,11,11,11,10,4,4,4,6,4,0,0,0,0,0,5,5,17,17,17,17,17,14,17,17,17,17,17,0,0,0,0,0,0,0,0]} 1. d4 d5 2. c4 c6 3. Nf3 Nf6 4. Qc2 dxc4 5. Qxc4 Bf5 6. g3 e6 7. Bg2 Be7 $146 ({Predecessor:} 7... Nbd7 8. O-O Be7 9. e3 {½-½ (26) Donchenko,A (2569)-Duda,J (2666) Gjakova 2016}) 8. O-O {D23: Queen's Gambit Accepted: 3 Nf3 Nf6 sidelines} O-O 9. e3 Nbd7 {The position is equal.} 10. Rd1 Qc7 11. Nc3 Nd5 12. Qe2 Nxc3 13. bxc3 Be4 14. Ne5 Bxg2 15. Nxd7 Qxd7 16. Kxg2 c5 17. e4 cxd4 18. cxd4 Rac8 19. a4 f5 20. d5 exd5 21. exd5 Bd6 22. Qe6+ Rf7 23. Rb1 Re8 24. Qxd7 Rxd7 25. Be3 a6 26. Rb6 Rf8 27. h4 f4 28. Rxd6 Rxd6 $11 {[%mdl 4096] Endgame KRR-KRB} 29. Bc5 $1 {[%cal Rc5d6]} Rg6 {And now ...Rd8 would win.} 30. Bxf8 Kxf8 {KR-KR} 31. d6 Ke8 32. Rb1 fxg3 33. fxg3 b5 34. axb5 axb5 35. Rxb5 Rxd6 {Accuracy: White = 92%, Black = 77%.} 1/2-1/2

[Event "Nis GM 2019"]
[Site "Nis"]
[Date "2019.12.01"]
[Round "2.3"]
[White "Dimitrov, Radoslav"]
[Black "Zajic, Milan"]
[Result "0-1"]
[WhiteElo "2515"]
[BlackElo "2477"]
[Annotator "TA"]
[PlyCount "112"]
[EventDate "2019.11.30"]
[EventType "tourn"]
[EventCountry "SRB"]
[SourceTitle "playchess.com"]
[Source "ChessBase"]
[SourceQuality "1"]

{[%evp 12,132,12,0,0,-8,0,0,0,0,0,0,0,0,0,-6,0,4,0,-17,-14,-20,-11,-38,-38,-51,-60,-25,-9,-9,-5,-14,2,4,20,15,20,20,41,17,59,30,26,28,38,33,52,30,27,23,25,15,25,11,8,7,26,0,0,0,0,0,0,0,0,0,0,-24,0,0,0,-17,-17,-17,-17,-12,-10,-10,-10,-10,-10,-186,-214,-225,-224,-258,-242,-260,-252,-252,-240,-383,-352,-436,-298,-318,-304,-226,-141,-137,-149,-400,-335,-12837,-12839,-12839,-12841,-12842,-12843,-12843,-12843,-12844,-12843,-12845,-12845,-29985,-29986,-12842,-12843,-29990,-12843,-12844,-12844]} 1. e4 e5 2. Nf3 Nc6 3. Nc3 Nf6 4. Bb5 Nd4 5. Bc4 Bc5 6. d3 d6 7. Nxd4 Bxd4 {C48: Four Knights: 4 Bb5, replies other than 4...Bb4} 8. Qf3 (8. Bg5 c6 9. Bb3 h6 10. Bh4 b5 11. a4 g5 12. Bg3 Bg4 13. f3 Bd7 14. axb5 cxb5 15. Ne2 {½-½ (37) Ehlvest,J (2521)-Nihal,S (2578) chess.com INT 2019}) 8... Be6 (8... O-O {looks sharper.} 9. O-O Be6 10. Bxe6 fxe6 11. Qh3 Qe7) 9. Ne2 Bb6 $146 {The position is equal.} ({Predecessor:} 9... Nd7 10. Nxd4 exd4 11. Bxe6 fxe6 12. Qh5+ g6 13. Qb5 O-O 14. Qxb7 Rb8 15. Qa6 {1-0 (46) Greenfeld,A (2300)-Siegel,G Groningen 1981}) 10. Bxe6 fxe6 11. Qh3 Qe7 12. Bd2 O-O {...Bxf2+! is the strong threat.} 13. f3 a5 14. O-O-O a4 15. f4 exf4 16. Nxf4 e5 17. Ne6 Rfe8 18. Ng5 h6 (18... Ba5 {feels hotter.} 19. Bxa5 Rxa5 20. Rhf1 b5 21. Nf3 b4) 19. Nf3 Qe6 20. Qxe6+ Rxe6 21. Rhf1 Rf8 22. Nh4 Nd7 23. Rxf8+ Kxf8 24. g4 c6 25. Nf5 Kg8 26. Rf1 Nf6 27. h3 Kh7 28. Kd1 Ng8 29. Ng3 Rf6 30. Rxf6 Nxf6 $11 {[%mdl 4096] Endgame KBN-KBN} 31. Nf5 Bc7 32. Bb4 Ne8 33. Ke2 Kg6 34. c4 h5 35. Kf3 hxg4+ 36. Kxg4 Kf7 37. Ne3 Bb6 38. Nd1 Bd4 39. Kg5 Bg1 40. Kg4 Bd4 41. Kg5 Nc7 42. Kg4 Ne6 43. Bxd6 Nf4 44. b3 axb3 45. axb3 Nxd3 46. h4 $2 (46. Ba3 $11 {and White has nothing to worry.}) 46... Nc1 $1 $19 47. b4 Nb3 $1 48. h5 Kf6 $1 ({Resist} 48... Nd2 49. Kf5 $17) 49. Bc7 Nd2 {[%mdl 64] Double Attack} 50. Bd8+ Ke6 51. Kg5 (51. Bg5 $142 Nxe4 52. Be3) 51... Nxe4+ 52. Kg6 Ng3 53. Bh4 Nf5 54. Bf2 Ba1 55. Be1 {[#]} e4 $1 {[%cal Re4e3] And now ...e3 would win.} 56. Nc3 $2 {[%mdl 8192] [#]} (56. Kg5 $17 {is the only way for White.}) 56... Ke5 {Played: Nf5-h4} 0-1

[Event "Nis GM 2019"]
[Site "Nis"]
[Date "2019.12.01"]
[Round "2.4"]
[White "Svetushkin, Dmitry"]
[Black "Djukic, Nikola"]
[Result "1/2-1/2"]
[WhiteElo "2547"]
[BlackElo "2507"]
[Annotator "ChessBase"]
[PlyCount "45"]
[EventDate "2019.11.30"]
[EventType "tourn"]
[EventCountry "SRB"]
[SourceTitle "playchess.com"]
[Source "ChessBase"]
[SourceQuality "1"]
[TimeControl "40/5400+30:1800+30"]

1. e4 c5 2. Nf3 d6 3. Bb5+ Nd7 4. c3 Ngf6 5. Bd3 e6 6. Bc2 b5 7. d4 Bb7 8. Nbd2 {[%emt 0:00:34]} Be7 {[%emt 0:03:01]} 9. O-O {[%emt 0:00:09]} Qc7 {[%emt 0:03:37]} 10. Re1 {[%emt 0:00:10]} O-O {[%emt 0:01:17]} 11. Bd3 {[%emt 0:03:06]} a6 {[%emt 0:12:34]} 12. Nf1 {[%emt 0:02:00]} cxd4 {[%emt 0:06:35]} 13. cxd4 {[%emt 0:03:59]} e5 {[%emt 0:00:05]} 14. d5 {[%emt 0:08:08]} Nh5 {[%emt 0:08:58]} 15. Be3 {[%emt 0:07:16]} Rfc8 {[%emt 0:07:54]} 16. Qd2 {[%emt 0:06:36]} Bd8 {[%emt 0:05:17]} 17. Rec1 {[%emt 0:21:07]} Qa5 {[%emt 0:17:02]} 18. Rxc8 {[%emt 0:04:37]} Rxc8 {[%emt 0:06:05]} 19. Qxa5 {[%emt 0:00:36]} Bxa5 {[%emt 0:00:05]} 20. a4 {[%emt 0:00:16]} b4 {[%emt 0:00:06]} 21. N1d2 {[%emt 0:00:13]} f5 {[%emt 0:02:47]} 22. Nc4 {[%emt 0:04:25]} Bc7 {[%emt 0:02:54]} 23. Ng5 {[%emt 0:04:21]} 1/2-1/2

[Event "Nis GM 2019"]
[Site "Nis"]
[Date "2019.12.01"]
[Round "2.5"]
[White "Maksimovic, Branimir"]
[Black "Radovanovic, Mihajlo"]
[Result "0-1"]
[WhiteElo "2320"]
[BlackElo "2479"]
[Annotator "ChessBase"]
[PlyCount "54"]
[EventDate "2019.11.30"]
[EventType "tourn"]
[EventCountry "SRB"]
[SourceTitle "playchess.com"]
[Source "ChessBase"]
[SourceQuality "1"]
[TimeControl "40/5400+30:1800+30"]

1. e4 {[%emt 0:00:00]} c5 {[%emt 0:00:00]} 2. Nf3 {[%emt 0:00:00]} d6 {[%emt 0:00:10]} 3. Bb5+ {[%emt 0:00:11]} Bd7 {[%emt 0:01:25]} 4. Bxd7+ {[%emt 0:00:47]} Qxd7 {[%emt 0:00:12]} 5. O-O {[%emt 0:02:44]} Nf6 {[%emt 0:00:22]} 6. e5 {[%emt 0:02:41]} dxe5 {[%emt 0:05:18]} 7. Nxe5 {[%emt 0:00:07]} Qd6 {[%emt 0:07:59]} 8. Re1 {[%emt 0:18:08]} Nc6 {[%emt 0:01:42]} 9. Nc4 {[%emt 0:00:22]} Qc7 {[%emt 0:05:53]} 10. Nc3 {[%emt 0:00:24]} e6 {[%emt 0:00:40]} 11. a4 {[%emt 0:10:37]} Be7 {[%emt 0:01:42]} 12. Ra3 {[%emt 0:07:41]} O-O {[%emt 0:02:48]} 13. Ne4 {[%emt 0:08:50]} Nd5 {[%emt 0:07:42]} 14. Rg3 {[%emt 0:07:11]} f5 {[%emt 0:06:20]} 15. Nc3 {[%emt 0:08:27]} Bh4 {[%emt 0:03:16]} 16. Rxe6 {[%emt 0:02:58]} Bxg3 {[%emt 0:01:11]} 17. hxg3 {[%emt 0:02:05]} Qf7 {[%emt 0:01:24]} 18. Rxc6 {[%emt 0:04:37]} bxc6 {[%emt 0:01:51]} 19. Ne5 {[%emt 0:02:22]} Nxc3 {[%emt 0:03:41]} 20. dxc3 {[%emt 0:02:31]} Qd5 {[%emt 0:00:09]} 21. Qe2 {[%emt 0:00:10]} Rad8 {[%emt 0:02:03]} 22. Kh2 {[%emt 0:00:10]} Rfe8 {[%emt 0:01:01]} 23. f4 {[%emt 0:01:06]} Re6 {[%emt 0:01:28]} 24. g4 {[%emt 0:00:33]} fxg4 {[%emt 0:03:53]} 25. Qxg4 {[%emt 0:00:12]} Rh6+ {[%emt 0:00:13]} 26. Kg3 {[%emt 0:00:10]} Qe4 {[%emt 0:00:34]} 27. Qf3 {[%emt 0:00:44]} Qe1+ {[%emt 0:00:31]} 0-1

[Event "Nis GM 2019"]
[Site "Nis"]
[Date "2019.12.02"]
[Round "3.1"]
[White "Zajic, Milan"]
[Black "Ivic, Velimir"]
[Result "1/2-1/2"]
[WhiteElo "2477"]
[BlackElo "2531"]
[Annotator "TA"]
[PlyCount "109"]
[EventDate "2019.11.30"]
[EventType "tourn"]
[EventCountry "SRB"]
[SourceTitle "playchess.com"]
[Source "ChessBase"]
[SourceQuality "1"]

{[%evp 12,109,31,31,31,31,34,25,27,29,27,22,18,0,16,2,17,15,17,0,0,0,9,0,14,8,33,15,50,45,54,50,65,45,78,46,58,56,52,54,67,81,64,53,88,93,96,94,93,97,435,440,414,407,461,475,466,475,1097,616,707,344,277,271,239,134,112,0,133,24,98,43,44,50,72,34,27,32,30,21,24,18,59,59,52,8,8,8,8,8,8,8,8,8,8,0,0,0,8,0]} 1. e4 c5 2. Nf3 Nc6 3. Nc3 e5 4. Bc4 Be7 5. d3 d6 6. Nd2 Nf6 7. Nf1 Nd7 {B30: Sicilian: 2...Nc6 3 Bb5, lines without ...g6} 8. Nd5 Nb6 9. Nfe3 (9. Nxb6 axb6 10. Ne3 Bg5 11. O-O O-O 12. a4 Kh8 13. Nd5 Bxc1 14. Qxc1 f5 15. exf5 Bxf5 {0-1 (39) Jakovenko,D (2704)-Alekseenko,K (2668) Izhevsk 2019}) 9... Nxd5 {White has an edge.} 10. Nxd5 O-O 11. a3 Rb8 12. O-O b5 13. Ba2 Bg5 $146 ({Predecessor:} 13... Be6 14. f4 exf4 15. Bxf4 {1-0 (45) Perez Ponsa,F (2594)-Slipak,S (2437) Villa Martelli 2017}) 14. f4 exf4 15. Bxf4 Be6 16. Bg3 Qd7 17. h3 Kh8 18. Kh2 h6 19. c3 a5 20. d4 $36 {[%mdl 2048] Black is under pressure.} cxd4 21. cxd4 Ne7 22. Qd3 {[#] Strongly threatening h4.} Ng6 23. Rf3 f5 24. Raf1 {[%cal Re4f5]} f4 25. Be1 b4 26. axb4 axb4 27. Bb1 Rf7 28. h4 Bxh4 29. Bxh4 Nxh4 30. Rxf4 Rxf4 $4 {[%mdl 8192]} (30... Ng6 $16 {is a better chance.}) 31. Nxf4 $18 Bg8 32. g3 g5 33. Nh5 {Hoping for Rf6.} ({Weaker is} 33. gxh4 gxf4 34. Rxf4 Qg7 $16) 33... Ng6 34. e5 Nf8 (34... Bh7 $142 35. Nf6 Nxe5) 35. Nf6 Qb5 {...Bc4 is the strong threat.} 36. Qxb5 (36. Qf3 $142 dxe5 37. Nxg8 Kxg8 38. Qf7+ Kh8 39. Rf6 Qe2+ 40. Rf2) 36... Rxb5 37. exd6 Rb8 38. Re1 (38. Rc1 $18) 38... Rd8 $16 39. Rf1 ({White should play} 39. Re8 $16 Rxe8 40. Nxe8) 39... Bc4 {[#]} (39... Rb8 $1 $11) 40. Rf5 ({White should try} 40. Rf2 $1 $16) 40... Be6 (40... Bf7 $11) 41. Rb5 (41. Rf3 $16) 41... Rxd6 $14 42. Rxb4 Nd7 43. Ne8 (43. Ne4 {is more complex.} Rb6 44. Rxb6 Nxb6 45. Nc5 Bg4 46. b4) 43... Rb6 44. Rxb6 Nxb6 $11 {[%mdl 4096] Endgame KBN-KBN} 45. Nd6 Kg7 46. b4 h5 47. Bd3 h4 48. gxh4 gxh4 {The position is equal.} 49. b5 Kf6 50. Ne4+ Ke7 51. Ng5 Bg4 52. Be4 Bd7 53. Bd3 Kd6 54. Nf3 Kd5 55. Nxh4 {Accuracy: White = 32%, Black = 51%.} 1/2-1/2